000 00620nam a22002057a 4500
003 OSt
005 20160309142517.0
008 160309b xxu||||| |||| 00| 0 eng d
020 _a0521609852
040 _cDDC
082 _a572.45 BIO 2005
100 _aedited by David, Burslem; michelle, Pinard
_97183
245 _aBiotic interactions in the Tropics: their role in the maintence of species diversity
260 _aCambridge Univesity Press, 2005
300 _axv,654p; ill: 25cm
504 _aReferences, & index included
650 _aEcology
_9544
650 _aSpecies diversity
_97184
942 _2z
_cO_SHELF
999 _c3208
_d3208